| 000 | 00417nam a2200157Ia 4500 | ||
|---|---|---|---|
| 008 | 250916s9999 xx 000 0 und d | ||
| 020 | _a978-3-031-17410-0 | ||
| 082 | _a004.0151 VIN | ||
| 100 | _aVince, John | ||
| 245 | 0 |
_aFoundation mathematics for computer science: _ba visual approach |
|
| 250 | _a3rd | ||
| 260 |
_aNew York: _bSpringer, _c2023 |
||
| 300 | _a510 p. | ||
| 600 | _aComputer Science | ||
| 942 | _cBK | ||
| 999 |
_c31632 _d31632 |
||